000 00843nas a2200277 4500
001 BR0808166
003 BR-BrBNA
005 20231205112815.0
007 ta
008 230509b bl.|||p| |||| 00| 00por d
040 _aBR-BrBNA
_bpor
_cBiblioteca Nacional de Agricultura
041 _a(Pt)
072 _aF01; Q02
110 1 _aEvangelista, R.M.
110 1 _aGodoy, A.R.
110 1 _aCardoso, A.I.I.
110 1 _aVieites, R.L.
245 1 _aQualidade de pimentão "rubia" minimamente processado armazenado sob refrigeração
650 _aPIMENTÃO
650 _aPROCESSAMENTO MINIMO
650 _aREFRIGERACAO
650 _aPRESERVAÇÃO DE ALIMENTO
773 0 _tRevista Ceres (Brazil)
_xISSN 0034-737X
_g(Jul-Aug 2008), v. 55(4) p. 338-343
_wBR0808166
909 _a202311
_bLúcia
_c55
_dLúcia Elande
942 _2AGRIS
_n0
_cANA
999 _c200100
_d200100